Traffic engineering and transport planning (Record no. 23527)
[ view plain ]
| 000 -LEADER | |
|---|---|
| fixed length control field | 00493nam a2200181Ia 4500 |
| 008 - FIXED-LENGTH DATA ELEMENTS--GENERAL INFORMATION | |
| fixed length control field | 230917s9999||||xx |||||||||||||| ||und|| |
| 020 ## - ISBN | |
| Price | RS399 |
| 040 ## - CATALOGING SOURCE | |
| -- | 241637 |
| Original cataloging agency | VIVEKANANDA LIBRARY |
| 041 ## - Language | |
| -- | English |
| 082 ## - DDC NUMBER | |
| Classification number | 625.79 K115T(9) |
| 100 ## - MAIN ENTRY--PERSONAL NAME | |
| Personal name | Kadiyali, L R |
| 245 #0 - TITLE STATEMENT | |
| Title | Traffic engineering and transport planning |
| 250 ## - EDITION STATEMENT | |
| Edition statement | 9th ed. |
| 260 ## - PUBLICATION, DISTRIBUTION, ETC. (IMPRINT) | |
| Place of publication, distribution, etc | New Delhi |
| Name of publisher, distributor, etc | Khanna Publishers |
| Date of publication, distribution, etc | 2017 |
| 300 ## - PHYSICAL DESCRIPTION | |
| Pages | xxiv, 913 p. |
| 500 ## - GENERAL NOTE | |
| General note | 2809 17/08/2017 HBD17/7038 21/08/2017 Main Budget |
| 942 ## - ADDED ENTRY ELEMENTS (KOHA) | |
| Koha item type | Books |
| Withdrawn status | Lost status | Damaged status | Not for loan | Location (home branch) | Sublocation or collection (holding branch) | Shelving location | Date acquired | Koha issues (times borrowed) | Koha full call number | Accession No. | Koha date last seen | Koha item type |
|---|---|---|---|---|---|---|---|---|---|---|---|---|
| VIVEKANANDA LIBRARY | VIVEKANANDA LIBRARY | UIET Library | 22/09/2017 | 625.79 K115T(9) | 362620 | 17/09/2023 | Books | |||||
| VIVEKANANDA LIBRARY | VIVEKANANDA LIBRARY | UIET Library | 22/09/2017 | 625.79 K115T(9) | 362621 | 17/09/2023 | Books | |||||
| VIVEKANANDA LIBRARY | VIVEKANANDA LIBRARY | UIET Library | 22/09/2017 | 1 | 625.79 K115T(9) | 362622 | 30/12/2024 | Books | ||||
| VIVEKANANDA LIBRARY | VIVEKANANDA LIBRARY | UIET Library | 22/09/2017 | 1 | 625.79 K115T(9) | 362623 | 24/12/2025 | Books | ||||
| VIVEKANANDA LIBRARY | VIVEKANANDA LIBRARY | UIET Library | 22/09/2017 | 1 | 625.79 K115T(9) | 362624 | 10/12/2025 | Books |
